[Event "GRE CupT final 37th"]
[Site "Patras"]
[Date "2019.06.30"]
[Round "1.3"]
[White "Alexakis, Dimitris"]
[Black "Vasilakis, Gavriel"]
[Result "1-0"]
[WhiteElo "2305"]
[BlackElo "1825"]
[PlyCount "55"]
[EventDate "2019.06.30"]
[EventType "team-k.o."]
[EventRounds "3"]
[EventCountry "GRE"]
[SourceTitle "CBM 191 Extra"]
[Source "ChessBase"]
[SourceDate "2019.09.30"]
[SourceVersion "1"]
[SourceVersionDate "2019.09.30"]
[SourceQuality "1"]
[WhiteTeam "Peiraikos OS"]
[BlackTeam "Ikarias Tzelepis"]
[WhiteTeamCountry "GRE"]
[BlackTeamCountry "GRE"]

1. e4 c5 2. Nf3 g6 3. c4 Bg7 4. d4 cxd4 5. Nxd4 Nc6 6. Be3 Nf6 7. Nc3 d6 8. Be2 0-0 9. 0-0 Bd7 10. f3 a5 11. Ndb5 Rc8 12. Rc1 Ne5 13. b3 Bxb5 14. Nxb5 Nfd7 15. f4 Nc6 16. Bg4 f5 17. exf5 gxf5 18. Qd5+ Kh8 19. Bxf5 Nf6 20. Qe6 Ra8 21. Rf3 a4 22. Rh3 axb3 23. Bxh7 Nxh7 24. Qg6 Kg8 25. Qxh7+ Kf7 26. Rg3 Rg8 27. Nd4 bxa2 28. Qg6+ 1-0

[Event "GRE-ch U16"]
[Site "Rio Achaia"]
[Date "2018.07.04"]
[Round "3"]
[White "Tsivelekidou, Evgenia"]
[Black "Vasilakis, Gavriel"]
[Result "1-0"]
[WhiteElo "2007"]
[BlackElo "1730"]
[PlyCount "93"]
[EventDate "2018.07.03"]
[EventType "swiss"]
[EventRounds "9"]
[EventCountry "GRE"]
[SourceTitle "EXT 2019"]
[Source "ChessBase"]
[SourceDate "2018.10.10"]
[SourceVersion "1"]
[SourceVersionDate "2018.10.10"]
[SourceQuality "1"]

1. d4 d5 2. c4 c6 3. Nf3 Nf6 4. Nbd2 Bf5 5. Nh4 Bc8 6. g3 e6 7. Bg2 Be7 8. Nhf3 0-0 9. 0-0 b6 10. Qc2 Bb7 11. e4 dxc4 12. Nxc4 c5 13. e5 Nd5 14. dxc5 Bxc5 15. Ng5 g6 16. Ne4 Nb4 17. Qe2 Bxe4 18. Bxe4 N8c6 19. a3 Nd5 20. Bh6 Re8 21. Rfd1 Rc8 22. Rac1 f6 23. b4 Be7 24. exf6 Bxf6 25. Qg4 b5 26. Ne3 Ne5 27. Qh3 Nxe3 28. Bxe3 Rxc1 29. Rxc1 Qd7 30. Qf1 Nc4 31. Rd1 Qc7 32. Bf4 Qc8 33. a4 a6 34. axb5 axb5 35. Bd3 Rd8 36. Rc1 g5 37. Be3 Nxe3 38. fxe3 Qd7 39. Qxf6 Qxd3 40. Qxg5+ Kh8 41. Qf6+ Kg8 42. Qxe6+ Kh8 43. Rf1 Qd2 44. Qe7 Kg8 45. Rf2 Qd3 46. Qg5+ Kh8 47. Rf7 1-0

[Event "GRE-ch U16"]
[Site "Rio Achaia"]
[Date "2018.07.03"]
[Round "1"]
[White "Karousos Theodorakis, Nikolaos"]
[Black "Vasilakis, Gavriel"]
[Result "1-0"]
[WhiteElo "2255"]
[BlackElo "1730"]
[PlyCount "76"]
[EventDate "2018.07.03"]
[EventType "swiss"]
[EventRounds "9"]
[EventCountry "GRE"]
[SourceTitle "EXT 2019"]
[Source "ChessBase"]
[SourceDate "2018.10.10"]
[SourceVersion "1"]
[SourceVersionDate "2018.10.10"]
[SourceQuality "1"]

1. e4 c5 2. Nf3 g6 3. d4 cxd4 4. Nxd4 Nf6 5. Nc3 d6 6. Be2 Bg7 7. Bg5 0-0 8. 0-0 Nc6 9. Nb3 Be6 10. Kh1 Na5 11. Nxa5 Qxa5 12. Qd2 Rac8 13. Bf3 Rfe8 14. Bh6 Nd7 15. Bxg7 Kxg7 16. Be2 Kg8 17. f4 Bc4 18. Rfd1 Nb6 19. Bg4 Rc7 20. a3 Nd7 21. Qd4 Be6 22. Bxe6 fxe6 23. Qd3 Rf8 24. Nb5 Rcc8 25. Nd4 Rxf4 26. Nxe6 Rf6 27. Qb3 Qb6 28. Qh3 Qc6 29. Ng5 h5 30. Rf1 Rcf8 31. Qb3+ Kh8 32. Rfe1 Ne5 33. h3 Qc4 34. Qxb7 Rf1+ 35. Kh2 Rxe1 36. Rxe1 Nf7 37. Qxe7 Kg8 38. Ne6 Rc8 1-0

[Event "GRE-ch U14"]
[Site "Rio Achaia"]
[Date "2015.07.02"]
[Round "9.12"]
[White "Vasilakis, Gavriel"]
[Black "Sotiropoulos, Anastasios Theohar"]
[Result "0-1"]
[WhiteElo "1445"]
[BlackElo "1523"]
[PlyCount "56"]
[EventDate "2015.06.26"]
[EventType "swiss"]
[EventRounds "9"]
[EventCountry "GRE"]
[SourceTitle "EXT 2024"]
[Source "ChessBase"]
[SourceDate "2023.10.10"]
[SourceVersion "1"]
[SourceVersionDate "2023.10.10"]
[SourceQuality "1"]

1. e4 c6 2. d4 d5 3. Nc3 dxe4 4. Nxe4 Bf5 5. Ng3 Bg6 6. h4 h6 7. Nf3 Nd7 8. h5 Bh7 9. Bd3 Bxd3 10. Qxd3 e6 11. Bd2 Ngf6 12. 0-0-0 Be7 13. Qe2 c5 14. dxc5 Qc7 15. Bc3 0-0 16. Kb1 Nxc5 17. Rhe1 Rfd8 18. b3 Na4 19. Rxd8+ Rxd8 20. Be5 Nc3+ 21. Bxc3 Qxc3 22. Qe3 Qa5 23. a4 Nd5 24. Qc1 Nc3+ 25. Ka1 Bf6 26. Ne4 Nxe4+ 27. Ka2 Nc3+ 28. Ka3 b5 0-1

[Event "GRE-ch U14"]
[Site "Rio Achaia"]
[Date "2015.06.27"]
[Round "2.16"]
[White "Mpletsas, Dimitris"]
[Black "Vasilakis, Gavriel"]
[Result "0-1"]
[WhiteElo "1160"]
[BlackElo "1445"]
[PlyCount "52"]
[EventDate "2015.06.26"]
[EventType "swiss"]
[EventRounds "9"]
[EventCountry "GRE"]
[SourceTitle "EXT 2024"]
[Source "ChessBase"]
[SourceDate "2023.10.10"]
[SourceVersion "1"]
[SourceVersionDate "2023.10.10"]
[SourceQuality "1"]

1. e4 c5 2. Nf3 d6 3. d4 cxd4 4. Nxd4 Nf6 5. Nc3 g6 6. Be3 Bg7 7. h3 0-0 8. Bc4 Nc6 9. Qd2 Nxd4 10. Bxd4 Be6 11. Bxe6 fxe6 12. 0-0-0 Qa5 13. g4 b5 14. a3 b4 15. axb4 Qa1+ 16. Nb1 Nxe4 17. Qe2 Bh6+ 18. Be3 Rxf2 19. Qe1 Rc8 20. Bd2 Rxd2 21. Rxd2 Bxd2+ 22. Kd1 Qxb1+ 23. Ke2 Bxe1 24. Rxe1 Rxc2+ 25. Kf3 Qxe1 26. Kf4 Rf2# 0-1

[Event "GRE-ch U14"]
[Site "Rio Achaia"]
[Date "2015.06.27"]
[Round "3.10"]
[White "Vasilakis, Gavriel"]
[Black "Beliotis, Georgios"]
[Result "0-1"]
[WhiteElo "1445"]
[BlackElo "1785"]
[PlyCount "78"]
[EventDate "2015.06.26"]
[EventType "swiss"]
[EventRounds "9"]
[EventCountry "GRE"]
[SourceTitle "EXT 2024"]
[Source "ChessBase"]
[SourceDate "2023.10.10"]
[SourceVersion "1"]
[SourceVersionDate "2023.10.10"]
[SourceQuality "1"]

1. e4 c5 2. Nf3 g6 3. d4 cxd4 4. Qxd4 Nf6 5. Nc3 Nc6 6. Qa4 d6 7. e5 dxe5 8. Nxe5 Qd4 9. Nxc6 Qxa4 10. Nxa4 bxc6 11. Bg5 Bg7 12. g3 Be6 13. Bg2 Bd5 14. 0-0 0-0 15. Rfe1 e6 16. Nc3 Bxg2 17. Kxg2 Rab8 18. Rab1 Nd5 19. Nxd5 cxd5 20. c3 Rfc8 21. Bf4 Rb7 22. Bd6 Rc6 23. Ba3 Ra6 24. Rec1 Bh6 25. Rd1 Bf8 26. Bxf8 Kxf8 27. a3 Rb3 28. Kf3 Rab6 29. Rd4 Rxc3+ 30. bxc3 Rxb1 31. Rb4 Rc1 32. Rb3 a5 33. Ke2 Ra1 34. Kd3 a4 35. Rb8+ Kg7 36. Ra8 Rxa3 37. Kc2 Ra2+ 38. Kb1 Rxf2 39. Rxa4 Rxh2 0-1

[Event "GRE-ch U12"]
[Site "Greece"]
[Date "2014.07.10"]
[Round "9"]
[White "Liakos, Christos Konstanti"]
[Black "Vasilakis, Gavriel"]
[Result "0-1"]
[WhiteElo "1314"]
[BlackElo "1370"]
[PlyCount "28"]
[EventDate "2014.07.04"]
[EventType "swiss"]
[EventRounds "9"]
[EventCountry "GRE"]
[SourceTitle "EXT 2017"]
[Source "ChessBase"]
[SourceDate "2016.10.25"]
[SourceVersion "1"]
[SourceVersionDate "2016.10.25"]
[SourceQuality "1"]

1. d4 d5 2. c4 c6 3. cxd5 cxd5 4. Nc3 Nf6 5. Bg5 Ne4 6. Nxe4 dxe4 7. e3 Qa5+ 8. Qd2 Qxg5 9. Nh3 Bxh3 10. gxh3 e6 11. Qc2 Bb4+ 12. Kd1 Nc6 13. Qxe4 Rd8 14. Bc4 Rxd4+ 0-1

[Event "GRE-chT 42nd"]
[Site "Porto Rio"]
[Date "2014.06.29"]
[Round "2.10"]
[White "Vasilakis, Gavriel"]
[Black "Tsoukalas, Konstantinos G"]
[Result "0-1"]
[WhiteElo "1370"]
[BlackElo "1379"]
[PlyCount "56"]
[EventDate "2014.06.28"]
[EventType "team-swiss"]
[EventRounds "7"]
[EventCountry "GRE"]
[SourceTitle "CBM 161 Extra"]
[Source "ChessBase"]
[SourceDate "2014.08.29"]
[SourceVersion "1"]
[SourceVersionDate "2014.08.29"]
[SourceQuality "1"]
[WhiteTeam "Nice Fysiolatris"]
[BlackTeam "Chess Spring"]
[WhiteTeamCountry "GRE"]
[BlackTeamCountry "GRE"]

1. d4 Nf6 2. c4 e6 3. Nc3 d5 4. cxd5 exd5 5. Bg5 Nbd7 6. e3 c6 7. Bd3 Bd6 8. Nge2 h6 9. Bf4 Nb6 10. Qc2 0-0 11. h3 Re8 12. 0-0-0 Bf8 13. g4 Nfd7 14. Rdg1 g5 15. Bg3 c5 16. dxc5 Nxc5 17. Nd4 Bd7 18. Bb5 Rc8 19. Bxd7 Qxd7 20. Kb1 Ne4 21. Nxe4 Rxe4 22. Qd3 Nc4 23. Rc1 Bg7 24. Rhe1 Bxd4 25. exd4 Qb5 26. Qc3 Rxe1 27. Rxe1 Qa4 28. f4 Na3+ 0-1

[Event "Petroupoli op 4th"]
[Site "Petroupoli"]
[Date "2012.05.16"]
[Round "6"]
[White "Dimoudi, Alexandra"]
[Black "Vasilakis, Gavriel"]
[Result "1/2-1/2"]
[WhiteElo "1005"]
[BlackElo "1005"]
[PlyCount "21"]
[EventDate "2012.04.28"]
[EventType "swiss"]
[EventRounds "7"]
[EventCountry "GRE"]
[SourceTitle "CBM 148 Extra"]
[Source "ChessBase"]
[SourceDate "2012.06.22"]
[SourceVersion "1"]
[SourceVersionDate "2012.06.22"]
[SourceQuality "1"]

1. e4 c5 2. Nf3 d6 3. d4 cxd4 4. Nxd4 Nf6 5. Nc3 a6 6. Bg5 e6 7. Qd2 Be7 8. f4 Qc7 9. Bd3 Nbd7 10. Nb3 b5 11. h4 1/2-1/2

[Event "Petroupoli op 4th"]
[Site "Petroupoli"]
[Date "2012.05.09"]
[Round "4"]
[White "Vasilakis, Gavriel"]
[Black "Lemoni, Maria Ioanna"]
[Result "0-1"]
[WhiteElo "1005"]
[BlackElo "1425"]
[PlyCount "102"]
[EventDate "2012.04.28"]
[EventType "swiss"]
[EventRounds "7"]
[EventCountry "GRE"]
[SourceTitle "CBM 148 Extra"]
[Source "ChessBase"]
[SourceDate "2012.06.22"]
[SourceVersion "1"]
[SourceVersionDate "2012.06.22"]
[SourceQuality "1"]

1. e4 c5 2. Nf3 Nc6 3. d4 cxd4 4. Nxd4 g6 5. Nc3 Bg7 6. Be3 Nf6 7. f3 Qb6 8. Rb1 Nxe4 9. fxe4 Bxd4 10. Bxd4 Nxd4 11. Nd5 Qc5 12. Rc1 Ne6 13. b4 Qd6 14. Be2 0-0 15. 0-0 b6 16. Bf3 Ng5 17. Qd4 Ba6 18. Rf2 e5 19. Qd2 h6 20. h4 Nxf3+ 21. Rxf3 Kg7 22. Rf6 Qb8 23. g4 Bc4 24. Qf2 b5 25. h5 Bxd5 26. exd5 a5 27. Kh1 Qd8 28. Rf1 axb4 29. Rxf7+ Rxf7 30. Qxf7+ Kh8 31. Rf6 Qe8 32. Qxg6 Qxg6 33. Rxg6 Kh7 34. Kg2 Rxa2 35. Kf3 Rxc2 36. Rb6 Rc5 37. Ra6 b3 38. Ra1 Rxd5 39. Rb1 Rc5 40. Rxb3 d5 41. Ke3 Kg7 42. Kd3 Kf6 43. Rb2 Kg5 44. Rg2 Rc4 45. Ke3 Rxg4 46. Rb2 Rg3+ 47. Kd2 Rg2+ 48. Kc3 Rxb2 49. Kxb2 e4 50. Kc3 Kxh5 51. Kd4 b4 0-1

[Event "Petroupoli op 4th"]
[Site "Petroupoli"]
[Date "2012.05.05"]
[Round "3"]
[White "Xenaki, Despoina"]
[Black "Vasilakis, Gavriel"]
[Result "0-1"]
[WhiteElo "1244"]
[BlackElo "1005"]
[PlyCount "78"]
[EventDate "2012.04.28"]
[EventType "swiss"]
[EventRounds "7"]
[EventCountry "GRE"]
[SourceTitle "CBM 148 Extra"]
[Source "ChessBase"]
[SourceDate "2012.06.22"]
[SourceVersion "1"]
[SourceVersionDate "2012.06.22"]
[SourceQuality "1"]

1. e4 c5 2. Bc4 e6 3. Nc3 Nc6 4. Nge2 Be7 5. d3 d6 6. Be3 Nf6 7. d4 cxd4 8. Nxd4 Bd7 9. 0-0 0-0 10. f3 a6 11. Bd3 Qc7 12. f4 Ne8 13. Qf3 f5 14. e5 dxe5 15. fxe5 Nxe5 16. Qg3 Bd6 17. Bf4 Nf6 18. Be2 Qc5 19. Rad1 Bc6 20. Kh1 Bd7 21. a3 Ne4 22. Nxe4 fxe4 23. Bg4 Rae8 24. Bh5 g6 25. c3 Kh8 26. b4 Qc7 27. Bxg6 Nxg6 28. Bxd6 Rxf1+ 29. Rxf1 Qc8 30. Be5+ Kg8 31. Nf3 exf3 32. Qxf3 Rf8 33. Qd1 Rxf1+ 34. Qxf1 Nxe5 35. Qf6 Nf7 36. h3 Qd8 37. Qd4 e5 38. Qd5 Bc6 39. Qxd8+ Nxd8 0-1